Dogs in literature Quiz Stats

 Plays Quiz not verified by Sporcle

Challenge
Share
Tweet
Embed
Score 0/10 Timer 05:00
0 Plays Today
% Correct
The Wonderful Wizard of Oz
94.7%
Peter and Wendy
81%
The Hundred and One Dalmatians
74.7%
Harry Potter and the Sorcerer's Stone
72.3%
The Call of the Wild
65.6%
Anna Karenina
61.1%
Where the Red Fern Grows
58.4%
Oliver Twist
47%
Jane Eyre
36.6%
Three Men in a Boat
31.4%

You're not logged in!

Compare scores with friends on all Sporcle quizzes.
OR
Log In

You Might Also Like...

Show Comments

Extras

Top Quizzes Today


Score Distribution

Your Account Isn't Verified!

In order to create a playlist on Sporcle, you need to verify the email address you used during registration. Go to your Sporcle Settings to finish the process.

Report this User

Report this user for behavior that violates our Community Guidelines.

Details: